| 000 | 00780nam a2200229Ia 4500 | ||
|---|---|---|---|
| 003 | GCL | ||
| 008 | 140319s9999 xx 000 0 ara d | ||
| 020 | _a9353257977 | ||
| 040 |
_aGCL / _cGCL |
||
| 082 | 0 | 4 |
_a303.482 _bع أ |
| 100 | 1 | _aعزيز فهمى | |
| 245 | 1 | 0 |
_aاسقاط نظرية صراع الحضارات واعادة تقديم الإسلام للعقل الغربى / _cعزيز فهمى |
| 250 | _aالاولى | ||
| 260 |
_aالقاهرة : _bمؤسسة الاهرام ، _c2006 |
||
| 300 |
_a415 ص ؛ _c24 سم |
||
| 650 | 0 | 4 | _aالاسلام والحضارة |
| 650 | 0 | 4 | _aالاسلام - تاريخ |
| 650 | 0 | 4 | _aالاسلام - دفع مطاعن |
| 650 | 0 | 4 | _aالاسلام والغرب |
| 650 | 0 | 4 | _aصراع الحضارات |
| 942 |
_2ddc _cBK |
||
| 999 |
_c9273 _d9273 |
||